[Event "2. Bundesliga West 2015/16"]
[Site "Servus Europa Wals"]
[Date "2016.03.06"]
[Round "11"]
[Board "6"]
[White "Schiestl, Josef"]
[Black "Kranewitter, Norbert"]
[Result "1-0"]
[WhiteElo "2128"]
[BlackElo "2049"]
[PlyCount "39"]
[EventDate "2015.10.16"]
[EventType "team"]
[EventRounds "11"]
[EventCountry "AUT"]
[WhiteTeam "Zillertal"]
[BlackTeam "Kufstein/Woergl"]

1. e4 c5 2. Nf3 a6 3. Nc3 b5 4. d4 cxd4 5. Nxd4 Bb7 6. Bd3 e6 7. O-O Qb6 8. Nb3
Qc7 9. Qe2 d6 10. Bd2 Nf6 11. a4 b4 12. Na2 a5 13. c3 Bc6 14. cxb4 axb4 15.
Nxb4 Rxa4 16. Nxc6 Rxa1 17. Rxa1 Nxc6 18. Bb5 Nd7 19. Rc1 Be7 20. Bxc6 1-0

[Event "2. Bundesliga West 2015/16"]
[Site "Servus Europa Wals"]
[Date "2016.03.06"]
[Round "11"]
[Board "1"]
[White "Krivoborodov, Egor"]
[Black "Berchtenbreiter, Maximilian"]
[Result "1/2-1/2"]
[WhiteElo "2522"]
[BlackElo "2384"]
[PlyCount "45"]
[EventDate "2015.10.16"]
[EventType "team"]
[EventRounds "11"]
[EventCountry "AUT"]
[WhiteTeam "ASK Salzburg"]
[BlackTeam "SPG Voels/HAK/HAS Innsbruck"]

1. d4 Nf6 2. c4 c5 3. Nf3 cxd4 4. Nxd4 b6 5. f3 Bb7 6. e4 d6 7. Nc3 a6 8. Be3
e6 9. Be2 Be7 10. O-O O-O 11. Qd2 Kh8 12. Rfd1 Rg8 13. Rac1 Nbd7 14. Kh1 Rc8
15. b3 Qc7 16. Bd3 Qb8 17. Bb1 Bd8 18. Nde2 Bc7 19. Bf4 Ne5 20. Bg5 Nfd7 21.
Bf4 Nc5 22. Bg5 Ned7 23. Bf4 1/2-1/2

[Event "2. Bundesliga West 2015/16"]
[Site "Servus Europa Wals"]
[Date "2016.03.06"]
[Round "11"]
[Board "2"]
[White "Nuber, Blasius"]
[Black "Harringer, Franz"]
[Result "1-0"]
[WhiteElo "2349"]
[BlackElo "2239"]
[PlyCount "75"]
[EventDate "2015.10.16"]
[EventType "team"]
[EventRounds "11"]
[EventCountry "AUT"]
[WhiteTeam "SPG Voels/HAK/HAS Innsbruck"]
[BlackTeam "ASK Salzburg"]

1. e4 Nf6 2. e5 Nd5 3. d4 d6 4. c4 Nb6 5. exd6 cxd6 6. Nc3 g6 7. Be3 Bg7 8. Be2
O-O 9. b3 Nc6 10. Rc1 f5 11. d5 Ne5 12. f4 Ng4 13. Bxg4 fxg4 14. Nge2 e5 15.
dxe6 Bxe6 16. O-O Qe7 17. Qd2 Rad8 18. Bxb6 axb6 19. Qe3 Rfe8 20. Rfd1 Qc7 21.
Nb5 Qc5 22. Qxc5 dxc5 23. Nc7 Rxd1+ 24. Rxd1 Re7 25. Nxe6 Rxe6 26. Kf2 Kf7 27.
Rd7+ Re7 28. Rxe7+ Kxe7 29. Ke3 Ke6 30. Ke4 h5 31. Nc1 Bb2 32. Nd3 Bc3 33. Ne5
Bxe5 34. fxe5 Ke7 35. Kd5 h4 36. g3 g5 37. e6 Ke8 38. Ke5 1-0

[Event "2. Bundesliga West 2015/16"]
[Site "Servus Europa Wals"]
[Date "2016.03.06"]
[Round "11"]
[Board "3"]
[White "Besner, Bernhard"]
[Black "Heinrich, Thomas"]
[Result "0-1"]
[WhiteElo "2211"]
[BlackElo "2144"]
[PlyCount "98"]
[EventDate "2015.10.16"]
[EventType "team"]
[EventRounds "11"]
[EventCountry "AUT"]
[WhiteTeam "ASK Salzburg"]
[BlackTeam "SPG Voels/HAK/HAS Innsbruck"]

1. e4 c6 2. d4 d5 3. exd5 cxd5 4. c4 Nf6 5. Nc3 Nc6 6. Nf3 Bg4 7. cxd5 Nxd5 8.
Qb3 Bxf3 9. gxf3 e6 10. Qxb7 Nxd4 11. Bb5+ Nxb5 12. Qc6+ Ke7 13. Qxb5 Nxc3 14.
bxc3 Qd7 15. Qe2 f6 16. O-O Kf7 17. Be3 Be7 18. Rfd1 Qc6 19. Rd3 Rhd8 20. Rad1
Qa6 21. f4 Rxd3 22. Rxd3 Qb5 23. Bd4 Qf5 24. Re3 Rd8 25. Bxa7 Qb1+ 26. Kg2 Qb7+
27. Qf3 Qxa7 28. Qh5+ Kg8 29. Rxe6 Bf8 30. Qe2 Qb7+ 31. Qf3 Qxf3+ 32. Kxf3 Ra8
33. Re2 Ra3 34. Rc2 Bb4 35. f5 Rxc3+ 36. Rxc3 Bxc3 37. Ke4 Kf7 38. Kd5 g6 39.
Ke4 Ke7 40. f3 Kd6 41. h3 Kc5 42. f4 Be1 43. fxg6 hxg6 44. a3 Kc4 45. f5 g5 46.
a4 Ba5 47. Kf3 Kd3 48. Kg4 Ke4 49. h4 gxh4 0-1

[Event "2. Bundesliga West 2015/16"]
[Site "Servus Europa Wals"]
[Date "2016.03.06"]
[Round "11"]
[Board "4"]
[White "Hajdarevic, Dino"]
[Black "Roth, Peter"]
[Result "1/2-1/2"]
[WhiteElo "2135"]
[BlackElo "2119"]
[PlyCount "54"]
[EventDate "2015.10.16"]
[EventType "team"]
[EventRounds "11"]
[EventCountry "AUT"]
[WhiteTeam "SPG Voels/HAK/HAS Innsbruck"]
[BlackTeam "ASK Salzburg"]

1. d4 Nf6 2. Nf3 c6 3. c4 b5 4. e3 bxc4 5. Bxc4 Ba6 6. Bxa6 Qa5+ 7. Nc3 Qxa6 8.
Qe2 d5 9. Ne5 Qxe2+ 10. Kxe2 Nfd7 11. Nxd7 Kxd7 12. Bd2 e6 13. Na4 Na6 14. Rhc1
Bd6 15. a3 Rhc8 16. b4 f6 17. h3 e5 18. f3 exd4 19. exd4 f5 20. Kd3 Re8 21. Re1
Rxe1 22. Rxe1 Re8 23. Rxe8 Kxe8 24. Nc3 Nc7 25. Na4 Na6 26. Nc3 Nc7 27. Na4 Na6
 1/2-1/2

[Event "2. Bundesliga West 2015/16"]
[Site "Servus Europa Wals"]
[Date "2016.03.06"]
[Round "11"]
[Board "5"]
[White "Juergens, Klaus"]
[Black "Georgiev, Georgi"]
[Result "1-0"]
[WhiteElo "2161"]
[BlackElo "2107"]
[PlyCount "49"]
[EventDate "2015.10.16"]
[EventType "team"]
[EventRounds "11"]
[EventCountry "AUT"]
[WhiteTeam "ASK Salzburg"]
[BlackTeam "SPG Voels/HAK/HAS Innsbruck"]

1. Nf3 Nf6 2. c4 e6 3. g3 b6 4. Bg2 Bb7 5. O-O c5 6. Nc3 Be7 7. Re1 d6 8. e4 e5
9. d4 cxd4 10. Nxd4 exd4 11. e5 Bxg2 12. exf6 gxf6 13. Qxd4 Bc6 14. Qxf6 Kd7
15. Qf5+ Kc7 16. Qxf7 Nd7 17. Rxe7 Rf8 18. Qe6 Rf5 19. Bf4 Rxf4 20. gxf4 Qg8+
21. Qxg8 Rxg8+ 22. Kf1 Kd8 23. Rxh7 Rf8 24. Nd5 Rf5 25. Ne7 1-0

[Event "2. Bundesliga West 2015/16"]
[Site "Servus Europa Wals"]
[Date "2016.03.06"]
[Round "11"]
[Board "6"]
[White "Niedermeier, Thomas"]
[Black "Scheiblmaier, Robert"]
[Result "0-1"]
[WhiteElo "2194"]
[BlackElo "2186"]
[PlyCount "66"]
[EventDate "2015.10.16"]
[EventType "team"]
[EventRounds "11"]
[EventCountry "AUT"]
[WhiteTeam "SPG Voels/HAK/HAS Innsbruck"]
[BlackTeam "ASK Salzburg"]

1. e4 e6 2. d4 d5 3. Nc3 Bb4 4. e5 c5 5. a3 Ba5 6. b4 cxd4 7. Nb5 Bc7 8. f4 Bd7
9. Qg4 g6 10. Nxd4 Nc6 11. Ngf3 Nge7 12. Bd3 Nxd4 13. Nxd4 Bb6 14. Bb2 Nf5 15.
Nxf5 exf5 16. Qf3 O-O 17. h3 Be6 18. O-O-O d4 19. g4 Qd7 20. gxf5 Bxf5 21. Bxf5
Qxf5 22. Qg4 Qe4 23. Rhe1 Qd5 24. f5 Rac8 25. e6 d3 26. Rd2 fxe6 27. fxg6 h5
28. Qg2 Qxg2 29. Rxg2 Bf2 30. Rxe6 Rxc2+ 31. Kb1 Bd4 32. g7 Rf1+ 33. Ka2 Rxg2
 0-1

[Event "2. Bundesliga West 2015/16"]
[Site "Servus Europa Wals"]
[Date "2016.03.06"]
[Round "11"]
[Board "1"]
[White "Baldauf, Marco"]
[Black "Eybl, Alexander"]
[Result "1/2-1/2"]
[WhiteElo "2420"]
[BlackElo "2240"]
[PlyCount "72"]
[EventDate "2015.10.16"]
[EventType "team"]
[EventRounds "11"]
[EventCountry "AUT"]
[WhiteTeam "Hohenems II"]
[BlackTeam "Pradl"]

1. d4 Nf6 2. c4 g6 3. Nc3 d5 4. cxd5 Nxd5 5. e4 Nxc3 6. bxc3 Bg7 7. Be3 O-O 8.
Qd2 c5 9. Nf3 Qa5 10. Rc1 cxd4 11. cxd4 Qxd2+ 12. Nxd2 Rd8 13. Nb3 Nc6 14. d5
Nb4 15. a3 Na2 16. Rc7 Nc3 17. g3 Be5 18. Rxe7 Bd6 19. Bc5 Bxe7 20. Bxe7 Re8
21. d6 a6 22. Kd2 Na4 23. Bc4 Nb6 24. Bd5 Be6 25. Bxe6 fxe6 26. Rc1 Rac8 27.
Nc5 Kf7 28. Bg5 h6 29. Bxh6 e5 30. Bg5 Rc6 31. Nxb7 Rxc1 32. Kxc1 Rb8 33. Nd8+
Ke8 34. Ne6 Rc8+ 35. Nc7+ Kd7 36. Kd1 Kxd6 1/2-1/2

[Event "2. Bundesliga West 2015/16"]
[Site "Servus Europa Wals"]
[Date "2016.03.06"]
[Round "11"]
[Board "2"]
[White "Doskocil, Klaus"]
[Black "Amann, Guenter"]
[Result "1/2-1/2"]
[WhiteElo "2251"]
[BlackElo "2347"]
[PlyCount "59"]
[EventDate "2015.10.16"]
[EventType "team"]
[EventRounds "11"]
[EventCountry "AUT"]
[WhiteTeam "Pradl"]
[BlackTeam "Hohenems II"]

1. c4 Nf6 2. Nc3 e5 3. e4 Bc5 4. Be2 c6 5. Nf3 d6 6. O-O O-O 7. d4 exd4 8. Nxd4
Re8 9. Bg5 Nbd7 10. Nb3 Bb4 11. f3 Nc5 12. Kh1 Qe7 13. Qd2 h6 14. Bxf6 Qxf6 15.
Nd4 Ne6 16. Nxe6 Bxe6 17. Rfd1 Bxc3 18. Qxc3 Qxc3 19. bxc3 Rad8 20. Rd2 Kf8 21.
Rad1 Ke7 22. Kg1 Rd7 23. Kf2 Red8 24. Ke3 a6 25. a4 d5 26. cxd5 cxd5 27. exd5
Bxd5 28. a5 Bc6 29. Rxd7+ Rxd7 30. Rxd7+ 1/2-1/2

[Event "2. Bundesliga West 2015/16"]
[Site "Servus Europa Wals"]
[Date "2016.03.06"]
[Round "11"]
[Board "3"]
[White "Burschowsky, Matthias"]
[Black "Lins, Philipp"]
[Result "1/2-1/2"]
[WhiteElo "2208"]
[BlackElo "2044"]
[PlyCount "81"]
[EventDate "2015.10.16"]
[EventType "team"]
[EventRounds "11"]
[EventCountry "AUT"]
[WhiteTeam "Hohenems II"]
[BlackTeam "Pradl"]

1. c4 d6 2. d4 e5 3. Nf3 e4 4. Ng5 f5 5. Nh3 c6 6. Nc3 Nf6 7. Bg5 Be7 8. e3 O-O
9. Nf4 Na6 10. c5 Nc7 11. cxd6 Qxd6 12. Bc4+ Kh8 13. O-O Ng4 14. Bxe7 Qxe7 15.
h3 Nf6 16. a3 g5 17. Nh5 Nfd5 18. Qb3 Nb6 19. Rfd1 Nxc4 20. Qxc4 Be6 21. Qc5
Qf7 22. Ng3 Nd5 23. Rac1 Qg6 24. Qd6 Rad8 25. Qe5+ Kg8 26. Nge2 Rde8 27. Qd6
Rd8 28. Qg3 Nxc3 29. Nxc3 Bb3 30. Rd2 h6 31. Qc7 Qf7 32. Qa5 a6 33. Qe5 Rfe8
34. Qg3 Kh7 35. Ne2 Bc4 36. b4 Bxe2 37. Rxe2 f4 38. Qh2 Rd5 39. Rec2 Rf8 40.
Re2 Re8 41. Ree1 1/2-1/2

[Event "2. Bundesliga West 2015/16"]
[Site "Servus Europa Wals"]
[Date "2016.03.06"]
[Round "11"]
[Board "4"]
[White "Praxmarer, Christian"]
[Black "Sandholzer, Robert"]
[Result "1/2-1/2"]
[WhiteElo "1992"]
[BlackElo "2175"]
[PlyCount "53"]
[EventDate "2015.10.16"]
[EventType "team"]
[EventRounds "11"]
[EventCountry "AUT"]
[WhiteTeam "Pradl"]
[BlackTeam "Hohenems II"]

1. f4 d5 2. Nf3 g6 3. g3 Bg7 4. Bg2 c6 5. c3 Qb6 6. d4 Nh6 7. O-O Nd7 8. Nbd2
Nf6 9. Ne5 Nf5 10. Rf3 Nd6 11. Rf2 Ng4 12. Nxg4 Bxg4 13. Qb3 O-O 14. e4 dxe4
15. Nxe4 Nxe4 16. Qxb6 axb6 17. Bxe4 Be6 18. a3 Rfd8 19. f5 Bd5 20. Bxd5 Rxd5
21. fxg6 hxg6 22. Be3 b5 23. Raf1 Rf8 24. Bf4 Bf6 25. Be3 Bg7 26. Bf4 Bf6 27.
Be3 1/2-1/2

[Event "2. Bundesliga West 2015/16"]
[Site "Servus Europa Wals"]
[Date "2016.03.06"]
[Round "11"]
[Board "5"]
[White "Kranzl, Julian"]
[Black "Niedermair, Hannes"]
[Result "1/2-1/2"]
[WhiteElo "1763"]
[BlackElo "1990"]
[PlyCount "64"]
[EventDate "2015.10.16"]
[EventType "team"]
[EventRounds "11"]
[EventCountry "AUT"]
[WhiteTeam "Hohenems II"]
[BlackTeam "Pradl"]

1. e4 Nf6 2. e5 Nd5 3. d4 d6 4. c4 Nb6 5. exd6 exd6 6. Nc3 Nc6 7. Be3 Be7 8.
Bd3 Bf6 9. Nge2 O-O 10. b3 g6 11. O-O Bg7 12. Qd2 Re8 13. Rad1 Ne7 14. Ng3 h5
15. h3 d5 16. c5 Nd7 17. Rfe1 Nf8 18. h4 Ne6 19. Nce2 Nc6 20. Bb5 Qxh4 21. Bxc6
bxc6 22. Nf4 Bd7 23. Nxe6 Rxe6 24. Bf4 Rae8 25. Rxe6 Rxe6 26. Bxc7 Qe7 27. Bd6
Qe8 28. Kf1 Bc8 29. Qd3 h4 30. Ne2 Re4 31. Bf4 Bxd4 32. f3 Rxe2 1/2-1/2

[Event "2. Bundesliga West 2015/16"]
[Site "Servus Europa Wals"]
[Date "2016.03.06"]
[Round "11"]
[Board "6"]
[White "Nussbaumer, Leon"]
[Black "Kuntner, Reinhard"]
[Result "1-0"]
[WhiteElo "1890"]
[BlackElo "1972"]
[PlyCount "79"]
[EventDate "2015.10.16"]
[EventType "team"]
[EventRounds "11"]
[EventCountry "AUT"]
[WhiteTeam "Pradl"]
[BlackTeam "Hohenems II"]

1. e4 Nf6 2. e5 Nd5 3. d4 d6 4. c4 Nb6 5. f4 dxe5 6. fxe5 Bf5 7. Nc3 e6 8. Nf3
Be7 9. Bd3 Bxd3 10. Qxd3 O-O 11. Be3 c5 12. d5 exd5 13. cxd5 c4 14. Bxb6 Qxb6
15. Qxc4 Nd7 16. Qb5 Nxe5 17. Nxe5 Qe3+ 18. Qe2 Bh4+ 19. g3 Bxg3+ 20. hxg3
Qxg3+ 21. Kd1 Rfe8 22. Qd3 Qxe5 23. Qxh7+ Kf8 24. Qh8+ Ke7 25. Qxe8+ Rxe8 26.
Re1 Kd6 27. Rxe5 Rxe5 28. Kd2 a5 29. Kd3 Kc5 30. Rg1 g6 31. Rg4 b5 32. Rd4 b4
33. Ne4+ Kb6 34. d6 Re8 35. d7 Rd8 36. Nf6 Kc6 37. Rc4+ Kd6 38. Rc8 Ke7 39.
Rxd8 Kxd8 40. Kd4 1-0

[Event "2. Bundesliga West 2015/16"]
[Site "Servus Europa Wals"]
[Date "2016.03.06"]
[Round "11"]
[Board "1"]
[White "Graf, Felix"]
[Black "Wegener, Olaf"]
[Result "0-1"]
[WhiteElo "2478"]
[BlackElo "2441"]
[PlyCount "48"]
[EventDate "2015.10.16"]
[EventType "team"]
[EventRounds "11"]
[EventCountry "AUT"]
[WhiteTeam "Bregenz"]
[BlackTeam "Rochade Rum"]

1. d4 Nf6 2. c4 e6 3. Nf3 b6 4. Bf4 Bb7 5. e3 Be7 6. Nc3 Nh5 7. Bd3 Nxf4 8.
exf4 c6 9. O-O d5 10. Ne5 O-O 11. cxd5 cxd5 12. Qa4 a6 13. Rfe1 g6 14. g3 Kg7
15. h4 Qd6 16. Rac1 Nc6 17. h5 b5 18. Qd1 f5 19. Bxb5 axb5 20. Nxb5 Qb4 21. Nc7
Nxe5 22. Nxe6+ Kg8 23. Nxf8 Qxe1+ 24. Qxe1 Nf3+ 0-1

[Event "2. Bundesliga West 2015/16"]
[Site "Servus Europa Wals"]
[Date "2016.03.06"]
[Round "11"]
[Board "2"]
[White "Spornberger, Maximilian"]
[Black "Jorczik, Julian"]
[Result "0-1"]
[WhiteElo "2347"]
[BlackElo "2385"]
[PlyCount "98"]
[EventDate "2015.10.16"]
[EventType "team"]
[EventRounds "11"]
[EventCountry "AUT"]
[WhiteTeam "Rochade Rum"]
[BlackTeam "Bregenz"]

1. e4 e6 2. d3 d5 3. Nd2 Nf6 4. Ngf3 b6 5. c3 Be7 6. e5 Nfd7 7. d4 c5 8. Bb5 a6
9. Bd3 a5 10. a4 Ba6 11. Bb5 Qc7 12. Qe2 Qb7 13. O-O O-O 14. Re1 Nc6 15. Nf1
cxd4 16. cxd4 Rfc8 17. Bf4 Bxb5 18. axb5 Na7 19. Ne3 Nf8 20. h4 Qd7 21. Ng5
Qxb5 22. Qh5 Qe8 23. Qg4 Nc6 24. Rad1 Nb4 25. h5 Ra7 26. Qg3 Nc2 27. Re2 Qa4
28. Ng4 Bxg5 29. Bxg5 Nxd4 30. Nh6+ Kh8 31. Rxd4 Qxd4 32. Bf6 Ng6 33. hxg6 fxg6
34. Qf3 Rf8 35. Rc2 Qe4 36. Qa3 Qe1+ 37. Kh2 Qb4 38. Ng4 Qxa3 39. bxa3 gxf6 40.
Nxf6 Rb8 41. a4 Kg7 42. f4 Rf7 43. g4 Rxf6 44. exf6+ Kxf6 45. Rc7 h6 46. Rh7
Rd8 47. Kg3 d4 48. Rxh6 d3 49. g5+ Kf5 0-1

[Event "2. Bundesliga West 2015/16"]
[Site "Servus Europa Wals"]
[Date "2016.03.06"]
[Round "11"]
[Board "3"]
[White "Weindl, Alfred"]
[Black "Gatterer, Florian"]
[Result "1/2-1/2"]
[WhiteElo "2331"]
[BlackElo "2223"]
[PlyCount "119"]
[EventDate "2015.10.16"]
[EventType "team"]
[EventRounds "11"]
[EventCountry "AUT"]
[WhiteTeam "Bregenz"]
[BlackTeam "Rochade Rum"]

1. Nf3 d5 2. g3 c6 3. Bg2 Bg4 4. O-O Nd7 5. d3 e6 6. Nbd2 Bd6 7. e4 Ne7 8. Qe1
O-O 9. Kh1 Re8 10. Ng1 e5 11. f3 Bh5 12. Nh3 f6 13. f4 exf4 14. Nxf4 Bf7 15.
Qf2 Qc7 16. exd5 Nxd5 17. Nxd5 Bxd5 18. Ne4 Bxe4 19. Bxe4 Re7 20. Bd2 a6 21.
Rae1 Rae8 22. Bf5 Ne5 23. d4 Nc4 24. Rxe7 Rxe7 25. Bc1 b5 26. Bd3 Qd7 27. Re1
Qe8 28. Rxe7 Qxe7 29. Qe2 Qf7 30. Qe4 Qd5 31. Kg1 g6 32. c3 Kf7 33. Qxd5+ cxd5
34. b3 Nb6 35. Bd2 Ke6 36. Kf2 Kf7 37. Kf3 Ke6 38. h3 f5 39. Bg5 Be7 40. Bf4
Bd8 41. Bd2 Bc7 42. Bg5 h5 43. Kf2 Kf7 44. Kg2 Ke6 45. g4 hxg4 46. hxg4 Nc8 47.
gxf5+ gxf5 48. Kf3 Ba5 49. c4 Nd6 50. cxb5 Nxb5 51. Be3 Bc3 52. a4 Nxd4+ 53.
Bxd4 Bxd4 54. Bxa6 Bc3 55. Bd3 Ke5 56. Bc2 f4 57. Bg6 Bd2 58. Bf7 Kd4 59. a5
Bxa5 60. Kg4 1/2-1/2

[Event "2. Bundesliga West 2015/16"]
[Site "Servus Europa Wals"]
[Date "2016.03.06"]
[Round "11"]
[Board "4"]
[White "Spornberger, Andre"]
[Black "Dobosz, Henryk"]
[Result "1/2-1/2"]
[WhiteElo "2108"]
[BlackElo "2389"]
[PlyCount "54"]
[EventDate "2015.10.16"]
[EventType "team"]
[EventRounds "11"]
[EventCountry "AUT"]
[WhiteTeam "Rochade Rum"]
[BlackTeam "Bregenz"]

1. e4 e6 2. d3 d5 3. Nd2 c5 4. g3 Nc6 5. Bg2 g6 6. Ngf3 Bg7 7. O-O Nge7 8. Re1
b6 9. exd5 exd5 10. d4 cxd4 11. Nb3 O-O 12. Nbxd4 Bb7 13. c3 Qd7 14. Bf4 Rfe8
15. Ne5 Nxe5 16. Bxe5 f6 17. Bf4 g5 18. Be3 Ng6 19. Qc2 Re5 20. Rad1 Rae8 21.
Bf1 Qc8 22. Bb5 R8e7 23. Bd3 Re4 24. Nb5 Nh4 25. gxh4 Qg4+ 26. Kf1 Qh3+ 27. Ke2
Rxe3+ 1/2-1/2

[Event "2. Bundesliga West 2015/16"]
[Site "Servus Europa Wals"]
[Date "2016.03.06"]
[Round "11"]
[Board "5"]
[White "Tuncer, Ufuk"]
[Black "Hengl, Christian"]
[Result "1/2-1/2"]
[WhiteElo "2332"]
[BlackElo "2245"]
[PlyCount "66"]
[EventDate "2015.10.16"]
[EventType "team"]
[EventRounds "11"]
[EventCountry "AUT"]
[WhiteTeam "Bregenz"]
[BlackTeam "Rochade Rum"]

1. e4 e5 2. Nf3 Nf6 3. Nxe5 d6 4. Nf3 Nxe4 5. Nc3 Nxc3 6. dxc3 Be7 7. Be3 Nc6
8. Qd2 Be6 9. O-O-O Qd7 10. Kb1 h6 11. Be2 Rg8 12. Rhe1 O-O-O 13. Nd4 Nxd4 14.
cxd4 d5 15. Bf4 Bd6 16. Bd3 Bxf4 17. Qxf4 Qd6 18. Qh4 Rge8 19. Re3 Bd7 20. Rde1
g5 21. Qg3 Qxg3 22. hxg3 Rxe3 23. Rxe3 Re8 24. Rxe8+ Bxe8 25. Kc1 Bd7 26. Kd2
Kd8 27. Ke3 Ke7 28. Be2 Bf5 29. Bd1 Kd6 30. g4 Bg6 31. g3 b6 32. c3 a5 33. a3
f6 1/2-1/2

[Event "2. Bundesliga West 2015/16"]
[Site "Servus Europa Wals"]
[Date "2016.03.06"]
[Round "11"]
[Board "6"]
[White "Jedinger, Andreas"]
[Black "Poettinger, Harald"]
[Result "0-1"]
[WhiteElo "2105"]
[BlackElo "2212"]
[PlyCount "90"]
[EventDate "2015.10.16"]
[EventType "team"]
[EventRounds "11"]
[EventCountry "AUT"]
[WhiteTeam "Rochade Rum"]
[BlackTeam "Bregenz"]

1. e4 d6 2. d4 Nf6 3. Nc3 e5 4. Nf3 Nbd7 5. Bc4 Be7 6. a4 O-O 7. O-O c6 8. h3
h6 9. Re1 Re8 10. Be3 Qc7 11. Ba2 Nf8 12. dxe5 dxe5 13. Nd2 Be6 14. Qf3 Bxa2
15. Rxa2 N6d7 16. Raa1 Ne6 17. Qg3 Bg5 18. Nc4 Bf4 19. Bxf4 Nxf4 20. Rad1 Re6
21. Qf3 Rf6 22. Rxd7 Qxd7 23. Nxe5 Qc7 24. Ng4 Re6 25. e5 Ng6 26. Qf5 h5 27.
Qxh5 Rae8 28. f4 Nxf4 29. Qg5 Ng6 30. Ne4 Qd8 31. Qf5 Nxe5 32. Ng5 Nf3+ 33.
Nxf3 Rxe1+ 34. Nxe1 Rxe1+ 35. Kf2 Qd2+ 36. Kg3 Qd6+ 37. Kf2 Re6 38. b3 Qd4+ 39.
Kg3 Qe4 40. Qg5 f5 41. Nf2 Qe5+ 42. Qf4 Rg6+ 43. Kf3 Qxf4+ 44. Kxf4 Rxg2 45.
Kf3 Rxf2+ 0-1

[Event "2. Bundesliga West 2015/16"]
[Site "Servus Europa Wals"]
[Date "2016.03.06"]
[Round "11"]
[Board "1"]
[White "Durakovic, Alman"]
[Black "Novkovic, Milan"]
[Result "1/2-1/2"]
[WhiteElo "2314"]
[BlackElo "2380"]
[PlyCount "41"]
[EventDate "2015.10.16"]
[EventType "team"]
[EventRounds "11"]
[EventCountry "AUT"]
[WhiteTeam "SIR Bernhard 2"]
[BlackTeam "Dornbirn"]

1. d4 d5 2. c4 e6 3. Nc3 Nf6 4. Bg5 Be7 5. e3 h6 6. Bh4 O-O 7. Nf3 b6 8. Be2
Bb7 9. Bxf6 Bxf6 10. cxd5 exd5 11. b4 c6 12. O-O Qd6 13. Qb3 Nd7 14. Rad1 Rad8
15. Rfe1 Rfe8 16. Bf1 g6 17. Qa4 Qb8 18. Qb3 Qd6 19. Qa4 Qb8 20. Qb3 Qd6 21.
Qa4 1/2-1/2

[Event "2. Bundesliga West 2015/16"]
[Site "Servus Europa Wals"]
[Date "2016.03.06"]
[Round "11"]
[Board "2"]
[White "Schmidlechner, Alexander"]
[Black "Wieneroiter, Gerald"]
[Result "1/2-1/2"]
[WhiteElo "2217"]
[BlackElo "2140"]
[PlyCount "89"]
[EventDate "2015.10.16"]
[EventType "team"]
[EventRounds "11"]
[EventCountry "AUT"]
[WhiteTeam "Dornbirn"]
[BlackTeam "SIR Bernhard 2"]

1. d4 d5 2. c4 c6 3. Nf3 Nf6 4. Nc3 dxc4 5. a4 Bf5 6. e3 e6 7. Bxc4 Bb4 8. O-O
O-O 9. Qe2 Nbd7 10. e4 Bg6 11. e5 Nd5 12. Nxd5 cxd5 13. Bd3 Nb8 14. Ne1 Nc6 15.
Be3 Rc8 16. f4 Bxe1 17. Raxe1 Nb4 18. Bb1 Bxb1 19. Rxb1 f5 20. Qb5 Qb6 21. Qxb6
axb6 22. Bd2 Nc6 23. Bc3 Rf7 24. Kf2 Na7 25. Ke3 b5 26. Ra1 Rc4 27. axb5 Nxb5
28. Ra8+ Rf8 29. Rxf8+ Kxf8 30. Kd3 Ke8 31. Ra1 Kd7 32. Ra5 Nc7 33. Ra7 Kc6 34.
Ra1 Kb5 35. Re1 Ra4 36. Re3 Ra8 37. Rh3 h6 38. Rg3 Rg8 39. Rg6 Kc6 40. h3 h5
41. Bb4 Kd7 42. Ba5 Na8 43. Kc3 Ke7 44. Kd2 Kf7 45. Rg5 1/2-1/2

[Event "2. Bundesliga West 2015/16"]
[Site "Servus Europa Wals"]
[Date "2016.03.06"]
[Round "11"]
[Board "3"]
[White "Berger, Kaspar"]
[Black "Klocker, Benedikt"]
[Result "0-1"]
[WhiteElo "2051"]
[BlackElo "2192"]
[PlyCount "82"]
[EventDate "2015.10.16"]
[EventType "team"]
[EventRounds "11"]
[EventCountry "AUT"]
[WhiteTeam "SIR Bernhard 2"]
[BlackTeam "Dornbirn"]

1. e4 c5 2. Nf3 d6 3. d4 cxd4 4. Nxd4 Nf6 5. Nc3 g6 6. Be3 Bg7 7. Be2 O-O 8.
Qd2 Nc6 9. f3 d5 10. Nxc6 bxc6 11. e5 Nd7 12. f4 Qa5 13. a3 e6 14. b4 Qc7 15.
O-O Rd8 16. Na4 Bf8 17. h4 a5 18. c3 Ba6 19. g4 Rdc8 20. Nc5 Nxc5 21. bxc5 Qa7
22. Bxa6 Bxc5 23. Rf3 Bxe3+ 24. Rxe3 Qxa6 25. f5 Qc4 26. Rg3 exf5 27. Rf1 Rab8
28. gxf5 Qxh4 29. Qf2 g5 30. f6 Rb2 31. Qxb2 Qxg3+ 32. Kh1 Qxe5 33. Qb7 Qc7 34.
Qb1 Re8 35. Qf5 Qe5 36. Qd7 Qe6 37. Qb7 h6 38. Qa6 Qh3+ 39. Kg1 Re4 40. Qa8+
Kh7 41. Qf8 Qg3+ 0-1

[Event "2. Bundesliga West 2015/16"]
[Site "Servus Europa Wals"]
[Date "2016.03.06"]
[Round "11"]
[Board "4"]
[White "Kanonier, Clemens"]
[Black "Prodinger, Johannes"]
[Result "1-0"]
[WhiteElo "2117"]
[BlackElo "1911"]
[PlyCount "96"]
[EventDate "2015.10.16"]
[EventType "team"]
[EventRounds "11"]
[EventCountry "AUT"]
[WhiteTeam "Dornbirn"]
[BlackTeam "SIR Bernhard 2"]

1. e4 c5 2. Nf3 Nc6 3. d4 cxd4 4. Nxd4 e5 5. Nb5 a6 6. Nd6+ Bxd6 7. Qxd6 Qf6 8.
Qd2 Qg6 9. f3 Nf6 10. c4 O-O 11. Nc3 d6 12. Bd3 Be6 13. O-O Nh5 14. Nd5 Rac8
15. b3 f5 16. Ne3 f4 17. Nd5 Qf7 18. Ba3 Rcd8 19. Nb4 Nf6 20. Rfd1 Rd7 21. Qf2
g5 22. Rd2 g4 23. Qh4 Qg7 24. Kh1 Kh8 25. Nxc6 bxc6 26. Be2 Rfd8 27. Rad1 d5
28. exd5 cxd5 29. Qf2 g3 30. Qf1 Qh6 31. h3 Rg8 32. Bd3 e4 33. fxe4 dxe4 34.
Bxe4 Rxd2 35. Rxd2 Nxe4 36. Bb2+ Nf6 37. Rd6 Re8 38. Qe2 Bf7 39. Bxf6+ Kg8 40.
Rd8 Qxf6 41. Rxe8+ Bxe8 42. Qxe8+ Kg7 43. Qd7+ Kg6 44. Qd1 Qe5 45. b4 Qc3 46.
Qg4+ Kf7 47. Qxf4+ Kg8 48. Qg4+ Kf7 1-0

[Event "2. Bundesliga West 2015/16"]
[Site "Servus Europa Wals"]
[Date "2016.03.06"]
[Round "11"]
[Board "5"]
[White "Autengruber, Daniel"]
[Black "Ruescher, Christian"]
[Result "1/2-1/2"]
[WhiteElo "2022"]
[BlackElo "2093"]
[PlyCount "75"]
[EventDate "2015.10.16"]
[EventType "team"]
[EventRounds "11"]
[EventCountry "AUT"]
[WhiteTeam "SIR Bernhard 2"]
[BlackTeam "Dornbirn"]

1. b3 d5 2. Bb2 Bf5 3. e3 Nd7 4. f4 e6 5. Nf3 Ngf6 6. Be2 Bd6 7. O-O c6 8. Ne5
h6 9. d4 Ne4 10. Qe1 Bxe5 11. fxe5 Qg5 12. Rf4 Nf8 13. Nd2 Ng6 14. Nf3 Qe7 15.
Rxf5 exf5 16. h4 Nf8 17. a4 Ne6 18. g3 g5 19. h5 g4 20. Ba3 Qd8 21. Nh4 Qg5 22.
Bd3 Qxh5 23. Qb4 O-O-O 24. Kg2 f4 25. Bxe4 dxe4 26. exf4 Rxd4 27. Qa5 Nxf4+ 28.
gxf4 Qxh4 29. Rh1 Qd8 30. Qxa7 Rd2+ 31. Kg3 Qd7 32. Bd6 Rxd6 33. exd6 Qxd6 34.
Qa8+ Qb8 35. Qxb8+ Kxb8 36. Kxg4 h5+ 37. Kg5 Kc7 38. Kf6 1/2-1/2